000 01009nam a2200301 a 4500
001 vtls001617592
003 NLI
005 20210628133923.0
008 121214s1925 ii c 000 j hin
039 9 _y201212141924
_zVLOAD
040 _aNLI
_bhineng
_cDatasoft_Hindi
_eAACR2
041 0 _ahin
044 _a ii
084 0 4 _a181
100 0 _6880-01
_aसुमतिमुनि
245 1 0 _6880-02
_aरत्नसारकुमार /
_cसुमतिमुनि
260 _aकलकत्ता :
_bकाशीनाथ जैन,
_c1925
300 _a52 p. :
_bport. ;
_c16 cm.
650 0 _aShort stories, Hindi
_9695763
880 _6100-01(B
_aSumatimuni
880 1 0 _6245-02(B
_aRatnasāra kumāra /
_cSumatimuni
887 _a Cittojit/17.04.2012(Shagufta Jabeen)
901 _aIMP1417
_b17.04.2012
902 _a181 QC 92.140
904 _cCittojit/17.04.2012(Shagufta Jabeen)
_lO 4755
949 _AVIRTUAITEM
_D10000
_X100
_6IMP000001417HIN
942 _2ddc
_cBKS
999 _aVIRTUA40
_c1069211
_d1069211